[Event "Liga Madrileña - DH 2016-2017"]
[Site "Madrid ESP"]
[Date "2017.02.19"]
[Round "10.35"]
[White "Elguezabal Varela, Daniel"]
[Black "Barez Menendez, Hector"]
[Result "1-0"]
[WhiteElo "2345"]
[BlackElo "2142"]
[PlyCount "93"]
[EventDate "2016.11.20"]
[EventType "team-tourn"]
[EventRounds "14"]
[EventCountry "ESP"]
[SourceTitle "Ajedrez en Madrid"]
[Source "lmi"]
[SourceDate "2016.11.20"]
[WhiteTeam "La Casa del Ajedrez"]
[BlackTeam "Pueblo Nuevo"]
[WhiteTeamCountry "ESP"]
[BlackTeamCountry "ESP"]

1. d4 d5 2. c4 e6 3. Nf3 Nf6 4. g3 Be7 5. Bg2 O-O 6. O-O Nbd7 7. Nbd2 c6 8. Qc2
b6 9. e4 Bb7 10. e5 Ne8 11. cxd5 cxd5 12. Re1 Rc8 13. Qd3 Nb8 14. Nf1 Ba6 15.
Qd1 Nc6 16. Ne3 f6 17. exf6 Bxf6 18. Bh3 Nc7 19. Ng4 Qe7 20. Bf4 Nd8 21. Qa4 b5
22. Qb3 Ne8 23. Kg2 Rc4 24. Ne3 Bb7 25. Qxb5 Qb4 26. Qxb4 Rxb4 27. Rab1 Bxd4
28. Nc2 Bc5 29. Nxb4 Bxb4 30. Re3 Bc5 31. Rb3 Bb6 32. Kg1 d4 33. Ne5 Bd5 34.
Ra3 Nf6 35. Bg2 h6 36. Bxd5 Nxd5 37. Bd2 Bc5 38. Rf3 Rxf3 39. Nxf3 Kf7 40. Rc1
Bb6 41. Rc4 Nb7 42. Nxd4 Nd6 43. Ra4 e5 44. Ne2 Nb7 45. b4 Nd6 46. Nc3 Nf6 47.
Be3 1-0

[Event "Liga Madrileña - DH 2016-2017"]
[Site "Madrid ESP"]
[Date "2017.02.19"]
[Round "10.36"]
[White "Navarro Nicolas, Victor Manuel"]
[Black "Gil Quilez, David"]
[Result "1/2-1/2"]
[WhiteElo "2077"]
[BlackElo "2208"]
[PlyCount "67"]
[EventDate "2016.11.20"]
[EventType "team-tourn"]
[EventRounds "14"]
[EventCountry "ESP"]
[SourceTitle "Ajedrez en Madrid"]
[Source "lmi"]
[SourceDate "2016.11.20"]
[WhiteTeam "Pueblo Nuevo"]
[BlackTeam "La Casa del Ajedrez"]
[WhiteTeamCountry "ESP"]
[BlackTeamCountry "ESP"]

1. Nf3 f5 2. g3 Nf6 3. Bg2 g6 4. O-O Bg7 5. d4 O-O 6. c4 d6 7. Nc3 Nc6 8. d5
Na5 9. b3 Ne4 10. Nxe4 Bxa1 11. Bh6 Bg7 12. Bxg7 Kxg7 13. Neg5 c5 14. e4 h6 15.
Ne6+ Bxe6 16. dxe6 fxe4 17. Nh4 Rf6 18. Bxe4 Nc6 19. f4 Nd4 20. Qg4 h5 21. Qg5
Nxe6 22. Qd5 Nd4 23. f5 gxf5 24. Nxf5+ Nxf5 25. Rxf5 Rxf5 26. Qxf5 Qh8 27. Qg6+
Kf8 28. Bxb7 Re8 29. Bc6 Rc8 30. Bd5 Qg7 31. Qxh5 Re8 32. Bc6 Rd8 33. Bd5 Re8
34. Bc6 1/2-1/2

[Event "Liga Madrileña - DH 2016-2017"]
[Site "Madrid ESP"]
[Date "2017.02.19"]
[Round "10.41"]
[White "Vazquez Igarza, Renier"]
[Black "Perez Mitjans, Orelvis"]
[Result "1-0"]
[WhiteElo "2566"]
[BlackElo "2432"]
[PlyCount "50"]
[EventDate "2016.11.20"]
[EventType "team-tourn"]
[EventRounds "14"]
[EventCountry "ESP"]
[SourceTitle "Ajedrez en Madrid"]
[Source "lmi"]
[SourceDate "2016.11.20"]
[WhiteTeam "Collado Villalba"]
[BlackTeam "64 Villalba"]
[WhiteTeamCountry "ESP"]
[BlackTeamCountry "ESP"]

1. d4 Nf6 2. Nf3 g6 3. Bg5 Bg7 4. c3 O-O 5. Nbd2 d6 6. e4 Nc6 7. Bc4 e5 8. dxe5
dxe5 9. O-O Qe7 10. h3 Nd8 11. Re1 Ne6 12. Be3 Ne8 13. Bb3 Nd6 14. Nc4 Nxc4 15.
Bxc4 Nf4 16. Bxf4 exf4 17. e5 g5 18. Nd4 c5 19. e6 f5 20. Nb5 a6 21. Nc7 b5 22.
Nd5 Qb7 23. e7 bxc4 24. e8=Q Rxe8 25. Rxe8+ Bf8 1-0

[Event "Liga Madrileña - DH 2016-2017"]
[Site "Madrid ESP"]
[Date "2017.02.19"]
[Round "10.42"]
[White "Longa Yauca, Javier"]
[Black "Moreno Ruiz, Javier"]
[Result "0-1"]
[WhiteElo "2353"]
[BlackElo "2448"]
[PlyCount "68"]
[EventDate "2016.11.20"]
[EventType "team-tourn"]
[EventRounds "14"]
[EventCountry "ESP"]
[SourceTitle "Ajedrez en Madrid"]
[Source "lmi"]
[SourceDate "2016.11.20"]
[WhiteTeam "64 Villalba"]
[BlackTeam "Collado Villalba"]
[WhiteTeamCountry "ESP"]
[BlackTeamCountry "ESP"]

1. d4 Nf6 2. Nf3 g6 3. c4 Bg7 4. g3 d5 5. cxd5 Nxd5 6. e4 Nb6 7. h3 O-O 8. Bg2
c5 9. dxc5 Qxd1+ 10. Kxd1 Na4 11. Kc2 Nxc5 12. Re1 Nc6 13. Bd2 Rd8 14. Nc3 Nb4+
15. Kb1 Be6 16. Be3 Rac8 17. Bf1 Nbd3 18. Bxd3 Nxd3 19. Rd1 Nb4 20. Rh1 Bc4 21.
Ne1 Bd4 22. Bxd4 Rxd4 23. a3 Nd3 24. Nxd3 Bxd3+ 25. Ka2 Bc4+ 26. Kb1 Rd2 27.
Rd1 Rxf2 28. a4 Bb3 29. Rg1 Rc4 30. Rc1 a5 31. Ra3 Rb4 32. Ka1 Rg2 33. g4 Rh2
34. g5 Kg7 0-1

[Event "Liga Madrileña - DH 2016-2017"]
[Site "Madrid ESP"]
[Date "2017.02.19"]
[Round "10.43"]
[White "Reyes Larena, Juan"]
[Black "Ruperez Benito, Antonio"]
[Result "1-0"]
[WhiteElo "2448"]
[BlackElo "2313"]
[PlyCount "79"]
[EventDate "2016.11.20"]
[EventType "team-tourn"]
[EventRounds "14"]
[EventCountry "ESP"]
[SourceTitle "Ajedrez en Madrid"]
[Source "lmi"]
[SourceDate "2016.11.20"]
[WhiteTeam "Collado Villalba"]
[BlackTeam "64 Villalba"]
[WhiteTeamCountry "ESP"]
[BlackTeamCountry "ESP"]

1. e4 e6 2. d3 d5 3. Nd2 c5 4. Ngf3 Nc6 5. g3 Bd6 6. Bg2 Nge7 7. O-O O-O 8. Re1
f6 9. c3 Qc7 10. a3 a5 11. a4 Bd7 12. Nb1 Rfd8 13. Na3 Na7 14. Qc2 Kh8 15. d4
cxd4 16. exd5 d3 17. Qxd3 Nxd5 18. Nd4 Nb6 19. Nab5 Nxb5 20. Nxb5 Bxb5 21. Qxb5
e5 22. Qe2 Bc5 23. Qh5 g6 24. Qf3 Kg7 25. Qxb7 Qxb7 26. Bxb7 Ra7 27. Bc6 Nc4
28. Kg2 Rb8 29. Ra2 Rc7 30. Bb5 Nd6 31. Bf1 Rcb7 32. Rd1 Ne4 33. f3 Ng5 34. Ba6
Rc7 35. Rd5 Nf7 36. Bd2 f5 37. Bb5 e4 38. Bf4 Bd6 39. Bxd6 Rd8 40. Be5+ 1-0

[Event "Liga Madrileña - DH 2016-2017"]
[Site "Madrid ESP"]
[Date "2017.02.19"]
[Round "10.44"]
[White "Cabañas Jimenez, Andres"]
[Black "Gascon del Nogal, Jose Rafael"]
[Result "0-1"]
[WhiteElo "2236"]
[BlackElo "2442"]
[PlyCount "46"]
[EventDate "2016.11.20"]
[EventType "team-tourn"]
[EventRounds "14"]
[EventCountry "ESP"]
[SourceTitle "Ajedrez en Madrid"]
[Source "lmi"]
[SourceDate "2016.11.20"]
[WhiteTeam "64 Villalba"]
[BlackTeam "Collado Villalba"]
[WhiteTeamCountry "ESP"]
[BlackTeamCountry "ESP"]

1. e4 g6 2. Nc3 Bg7 3. f4 c6 4. Nf3 d5 5. e5 Bg4 6. Be2 e6 7. O-O Ne7 8. d4 Nf5
9. Na4 Nd7 10. b4 O-O 11. h3 Bxf3 12. Rxf3 b5 13. Nc5 a5 14. g4 Ne7 15. c3 axb4
16. cxb4 Nxc5 17. bxc5 f6 18. Bd2 Ra4 19. Rd3 g5 20. fxg5 fxe5 21. Bc3 e4 22.
Rd2 Qc7 23. Qe1 e3 0-1

[Event "Liga Madrileña - DH 2016-2017"]
[Site "Madrid ESP"]
[Date "2017.02.19"]
[Round "10.45"]
[White "Martin Duque, Jesus"]
[Black "Veganzonez Rojo, David"]
[Result "1-0"]
[WhiteElo "2312"]
[BlackElo "2117"]
[PlyCount "101"]
[EventDate "2016.11.20"]
[EventType "team-tourn"]
[EventRounds "14"]
[EventCountry "ESP"]
[SourceTitle "Ajedrez en Madrid"]
[Source "lmi"]
[SourceDate "2016.11.20"]
[WhiteTeam "Collado Villalba"]
[BlackTeam "64 Villalba"]
[WhiteTeamCountry "ESP"]
[BlackTeamCountry "ESP"]

1. e4 e5 2. Nf3 Nc6 3. Bc4 Nf6 4. d3 Be7 5. c3 O-O 6. Nbd2 d6 7. Bb3 Na5 8. Bc2
c5 9. O-O Nc6 10. Re1 Re8 11. Nf1 h6 12. Ng3 Bf8 13. h3 Be6 14. Nh2 d5 15. Qf3
d4 16. Ba4 Rc8 17. c4 g6 18. Bd2 Bg7 19. a3 Nd7 20. b4 Qh4 21. Rab1 Rf8 22. Qd1
Qe7 23. Nf3 b6 24. Bb5 Qd6 25. Nh4 Ne7 26. Qf3 f6 27. a4 Rc7 28. a5 Kh7 29. Qd1
f5 30. exf5 gxf5 31. Nf3 Ng6 32. Qe2 Bg8 33. axb6 axb6 34. Bxd7 Rxd7 35. bxc5
bxc5 36. Nh5 Bh8 37. Ba5 Re7 38. Rb6 Qd7 39. Ng3 Rfe8 40. Ng5+ Kg7 41. Qh5 Be6
42. Nxe6+ Rxe6 43. Nxf5+ Kg8 44. Nxh6+ Kg7 45. Nf5+ Kg8 46. Re4 Nf4 47. Qg5+
Kh7 48. Qh4+ Kg8 49. Nh6+ Kf8 50. g3 Ng6 51. Qg4 1-0

[Event "Liga Madrileña - DH 2016-2017"]
[Site "Madrid ESP"]
[Date "2017.02.19"]
[Round "10.46"]
[White "Palomino Menendez, Salvador"]
[Black "Collazo Hidalgo Gato, Niala"]
[Result "0-1"]
[WhiteElo "1932"]
[BlackElo "2225"]
[PlyCount "90"]
[EventDate "2016.11.20"]
[EventType "team-tourn"]
[EventRounds "14"]
[EventCountry "ESP"]
[SourceTitle "Ajedrez en Madrid"]
[Source "lmi"]
[SourceDate "2016.11.20"]
[WhiteTeam "64 Villalba"]
[BlackTeam "Collado Villalba"]
[WhiteTeamCountry "ESP"]
[BlackTeamCountry "ESP"]

1. e4 c5 2. Nc3 a6 3. f4 b5 4. a4 b4 5. Nd5 e6 6. Ne3 Bb7 7. d3 Ne7 8. Nf3 d5
9. e5 Nd7 10. Be2 g6 11. h4 Bg7 12. h5 h6 13. Bd2 Qc7 14. hxg6 Nxg6 15. Ng4
O-O-O 16. d4 f6 17. Bd3 Ne7 18. dxc5 fxe5 19. fxe5 h5 20. Nf2 Nxe5 21. Qe2
Nxf3+ 22. gxf3 Nc6 23. Qxe6+ Kb8 24. O-O-O Qa5 25. Bf4+ Ka8 26. Rhg1 Bd4 27.
Qe2 Qxa4 28. c3 bxc3 29. Qc2 cxb2+ 30. Kd2 Qb4+ 31. Ke2 Bxf2 32. Kxf2 Qxf4 33.
Qxb2 Rde8 34. Rde1 Qh4+ 35. Rg3 Rhg8 36. Rxe8+ Rxe8 37. Kg2 Ne5 38. Rg7 Bc8 39.
Bf5 Nc4 40. Qa2 Ne3+ 41. Kg1 Qe1+ 42. Kh2 Nf1+ 43. Kg1 Nd2+ 44. Kh2 Re2+ 45.
Kh3 Bxf5+ 0-1

[Event "Liga Madrileña - DH 2016-2017"]
[Site "Madrid ESP"]
[Date "2017.02.26"]
[Round "11.31"]
[White "Perez Mitjans, Orelvis"]
[Black "Candela Perez, Jose"]
[Result "1-0"]
[WhiteElo "2432"]
[BlackElo "2400"]
[PlyCount "101"]
[EventDate "2016.11.20"]
[EventType "team-tourn"]
[EventRounds "14"]
[EventCountry "ESP"]
[SourceTitle "Ajedrez en Madrid"]
[Source "lmi"]
[SourceDate "2016.11.20"]
[WhiteTeam "64 Villalba"]
[BlackTeam "La Casa del Ajedrez"]
[WhiteTeamCountry "ESP"]
[BlackTeamCountry "ESP"]

1. e4 e5 2. Nf3 Nc6 3. Bb5 a6 4. Ba4 Nf6 5. O-O Be7 6. d3 b5 7. Bb3 d6 8. a4 b4
9. Nbd2 Na5 10. Ba2 Be6 11. Bxe6 fxe6 12. d4 exd4 13. Nxd4 Qd7 14. Qf3 O-O 15.
Qh3 e5 16. Nf5 g6 17. Nxe7+ Qxe7 18. Nb3 Nc6 19. Bg5 Qd7 20. Qd3 Qe6 21. Rad1
Kg7 22. Qe2 h6 23. Bc1 g5 24. Rd3 Qc4 25. Re1 Qf7 26. h4 g4 27. f3 g3 28. f4
Nh5 29. f5 Kh7 30. Rf1 Ne7 31. f6 Ng8 32. Rdf3 Ngxf6 33. Rf5 Qg6 34. Qf3 Kg7
35. Na5 Rf7 36. Nc6 a5 37. Bg5 Raf8 38. Nxa5 Nf4 39. Bxf4 exf4 40. h5 Qh7 41.
Rxf4 Kg8 42. Qxg3+ Qg7 43. Qxg7+ Kxg7 44. Nc6 b3 45. cxb3 Nxe4 46. Rxf7+ Rxf7
47. a5 Nf6 48. a6 Rf8 49. a7 Ra8 50. Re1 Nd5 51. Re6 1-0

[Event "Liga Madrileña - DH 2016-2017"]
[Site "Madrid ESP"]
[Date "2017.02.26"]
[Round "11.32"]
[White "Suarez Uriel, Adrian"]
[Black "Rodriguez Cespedes, Amador"]
[Result "1-0"]
[WhiteElo "2354"]
[BlackElo "2424"]
[PlyCount "97"]
[EventDate "2016.11.20"]
[EventType "team-tourn"]
[EventRounds "14"]
[EventCountry "ESP"]
[SourceTitle "Ajedrez en Madrid"]
[Source "lmi"]
[SourceDate "2016.11.20"]
[WhiteTeam "La Casa del Ajedrez"]
[BlackTeam "64 Villalba"]
[WhiteTeamCountry "ESP"]
[BlackTeamCountry "ESP"]

1. e4 e5 2. Nf3 Nc6 3. Bb5 a6 4. Ba4 Nf6 5. O-O Be7 6. d3 b5 7. Bb3 d6 8. a3
O-O 9. Nc3 Rb8 10. Nd5 Nxd5 11. Bxd5 Bd7 12. Be3 Bf6 13. c3 Ne7 14. Ba2 Ng6 15.
d4 Re8 16. Qc2 Qe7 17. Rfe1 c5 18. dxc5 dxc5 19. Bd5 Bg4 20. Nd2 Nf4 21. b4
Nxd5 22. exd5 cxb4 23. axb4 Qd6 24. f3 Bc8 25. Ne4 Qxd5 26. Red1 Qa8 27. Nxf6+
gxf6 28. Qf2 Bf5 29. Rd6 Re6 30. Raxa6 Rxd6 31. Qg3+ Bg6 32. Rxd6 Rd8 33. Rxd8+
Qxd8 34. h4 h5 35. f4 Qd1+ 36. Kh2 Qg4 37. Qxg4 hxg4 38. Kg3 Bf5 39. c4 bxc4
40. b5 c3 41. b6 Bc8 42. f5 Bb7 43. Kxg4 Bxg2 44. h5 Kg7 45. Kg3 Bb7 46. Kf2
Be4 47. Ke2 Kh7 48. h6 Kg8 49. Bc1 1-0

[Event "Liga Madrileña - DH 2016-2017"]
[Site "Madrid ESP"]
[Date "2017.02.26"]
[Round "11.33"]
[White "Longa Yauca, Javier"]
[Black "Gallego Jimenez, Victoriano"]
[Result "0-1"]
[WhiteElo "2353"]
[BlackElo "2364"]
[PlyCount "40"]
[EventDate "2016.11.20"]
[EventType "team-tourn"]
[EventRounds "14"]
[EventCountry "ESP"]
[SourceTitle "Ajedrez en Madrid"]
[Source "lmi"]
[SourceDate "2016.11.20"]
[WhiteTeam "64 Villalba"]
[BlackTeam "La Casa del Ajedrez"]
[WhiteTeamCountry "ESP"]
[BlackTeamCountry "ESP"]

1. d4 d5 2. Nf3 Nc6 3. e3 Bg4 4. c4 e6 5. Nc3 Bb4 6. Qb3 Bxf3 7. gxf3 Nge7 8.
Bd2 O-O 9. a3 Bxc3 10. Bxc3 Rb8 11. Qc2 dxc4 12. Bxc4 Kh8 13. b4 Nd5 14. Bb2 a5
15. bxa5 Nxa5 16. Bd3 b5 17. O-O Qh4 18. Be2 f5 19. Rfe1 Rf6 20. Bf1 Rh6 0-1

[Event "Liga Madrileña - DH 2016-2017"]
[Site "Madrid ESP"]
[Date "2017.02.26"]
[Round "11.34"]
[White "Elguezabal Varela, Daniel"]
[Black "Ruperez Benito, Antonio"]
[Result "1/2-1/2"]
[WhiteElo "2345"]
[BlackElo "2313"]
[PlyCount "63"]
[EventDate "2016.11.20"]
[EventType "team-tourn"]
[EventRounds "14"]
[EventCountry "ESP"]
[SourceTitle "Ajedrez en Madrid"]
[Source "lmi"]
[SourceDate "2016.11.20"]
[WhiteTeam "La Casa del Ajedrez"]
[BlackTeam "64 Villalba"]
[WhiteTeamCountry "ESP"]
[BlackTeamCountry "ESP"]

1. d4 e6 2. c4 d5 3. Nf3 Nf6 4. g3 dxc4 5. Qa4+ c6 6. Qxc4 b5 7. Qc2 Bb7 8. Bg2
Nbd7 9. a4 c5 10. O-O Rc8 11. dxc5 Bxc5 12. Qb3 Bd5 13. Qd1 bxa4 14. Qxa4 Ne4
15. Nc3 Nxc3 16. bxc3 Bc6 17. Qf4 Nf6 18. Ba3 Bxa3 19. Rxa3 Qe7 20. Rfa1 O-O
21. Rxa7 Qc5 22. R7a3 Rfd8 23. Ne5 Bxg2 24. Kxg2 Qd5+ 25. f3 Rc7 26. Nd3 Rc4
27. Qe5 h6 28. Qxd5 Nxd5 29. Ra8 Rxa8 30. Rxa8+ Kh7 31. Ra7 f6 32. e4 1/2-1/2

[Event "Liga Madrileña - DH 2016-2017"]
[Site "Madrid ESP"]
[Date "2017.02.26"]
[Round "11.35"]
[White "Cabañas Jimenez, Andres"]
[Black "Gil Quilez, David"]
[Result "1/2-1/2"]
[WhiteElo "2236"]
[BlackElo "2208"]
[PlyCount "44"]
[EventDate "2016.11.20"]
[EventType "team-tourn"]
[EventRounds "14"]
[EventCountry "ESP"]
[SourceTitle "Ajedrez en Madrid"]
[Source "lmi"]
[SourceDate "2016.11.20"]
[WhiteTeam "64 Villalba"]
[BlackTeam "La Casa del Ajedrez"]
[WhiteTeamCountry "ESP"]
[BlackTeamCountry "ESP"]

1. e4 d5 2. exd5 Qxd5 3. Nc3 Qd6 4. Bc4 Nf6 5. d4 a6 6. Nge2 b5 7. Bb3 Bb7 8.
Bf4 Qb6 9. O-O e6 10. Qd3 Nbd7 11. Qh3 Bd6 12. Bxd6 Qxd6 13. Rad1 O-O 14. Rfe1
Rad8 15. Ng3 g6 16. Qh4 Kg7 17. d5 Bxd5 18. Bxd5 exd5 19. Qg5 Qb4 20. Nxd5 Nxd5
21. Qxd5 Nf6 22. Qb3 Qxb3 1/2-1/2

[Event "Liga Madrileña - DH 2016-2017"]
[Site "Madrid ESP"]
[Date "2017.02.26"]
[Round "11.36"]
[White "Collado Barbas, Laura"]
[Black "Veganzonez Rojo, David"]
[Result "0-1"]
[WhiteElo "2096"]
[BlackElo "2117"]
[PlyCount "96"]
[EventDate "2016.11.20"]
[EventType "team-tourn"]
[EventRounds "14"]
[EventCountry "ESP"]
[SourceTitle "Ajedrez en Madrid"]
[Source "lmi"]
[SourceDate "2016.11.20"]
[WhiteTeam "La Casa del Ajedrez"]
[BlackTeam "64 Villalba"]
[WhiteTeamCountry "ESP"]
[BlackTeamCountry "ESP"]

1. d4 d5 2. c4 c6 3. Nf3 Nf6 4. e3 Bf5 5. cxd5 cxd5 6. Nc3 e6 7. Ne5 Nfd7 8.
Qb3 Nxe5 9. dxe5 Qd7 10. e4 Bxe4 11. Nxe4 dxe4 12. Be3 Nc6 13. Bb5 Be7 14. O-O
O-O 15. Rfd1 Qc7 16. Bxc6 bxc6 17. Bd4 Rfd8 18. Qe3 Rd5 19. Bc3 Rad8 20. Re1
Bc5 21. Qxe4 Qb6 22. Qc2 h6 23. g3 Bd4 24. Re2 c5 25. Rae1 Qb5 26. h4 c4 27.
Kh2 Bb6 28. Qe4 Rd3 29. Qf4 Bd4 30. Bxd4 R8xd4 31. Qc1 Qd5 32. Kg1 Rd1 33. Qe3
R1d3 34. Qc1 a5 35. Qc2 Rd1 36. Qc3 R4d2 37. Rxd1 Rxd1+ 38. Re1 Rd3 39. Qc1 Qd4
40. Kg2 Rd2 41. Rf1 Rxb2 42. Kh3 c3 43. Kg2 Rxa2 44. Qb1 Rb2 45. Qa1 a4 46. Qa3
c2 47. Rc1 Rb1 48. Rxc2 Qe4+ 0-1

[Event "Liga Madrileña - DH 2016-2017"]
[Site "Madrid ESP"]
[Date "2017.02.26"]
[Round "11.21"]
[White "Martinez Reyes, Pedro Ramon"]
[Black "Solaesa Navalpotro, Luis Julio"]
[Result "1/2-1/2"]
[WhiteElo "2371"]
[BlackElo "2215"]
[PlyCount "202"]
[EventDate "2016.11.20"]
[EventType "team-tourn"]
[EventRounds "14"]
[EventCountry "ESP"]
[SourceTitle "Ajedrez en Madrid"]
[Source "lmi"]
[SourceDate "2016.11.20"]
[WhiteTeam "Blanco y Negro"]
[BlackTeam "Moratalaz"]
[WhiteTeamCountry "ESP"]
[BlackTeamCountry "ESP"]

1. Nf3 Nf6 2. d4 e6 3. g3 d5 4. Bg2 Be7 5. c4 O-O 6. Qc2 Nbd7 7. O-O c6 8. Rd1
b6 9. Ne5 Bb7 10. cxd5 cxd5 11. Nc6 Bxc6 12. Qxc6 Rc8 13. Qa4 Qc7 14. Nc3 Qb7
15. Qb3 a6 16. a4 Nb8 17. Bg5 Nc6 18. Rac1 h6 19. Bf4 Na5 20. Qa2 Rfd8 21. Be5
Nc6 22. Bf4 Na5 23. h3 Bd6 24. Be5 Qe7 25. Bxf6 Qxf6 26. e4 dxe4 27. Nxe4 Qe7
28. Rxc8 Rxc8 29. d5 exd5 30. Qxd5 Bc5 31. Qf5 Rc7 32. Nc3 Qe6 33. Qf4 Rd7 34.
Rxd7 Qxd7 35. b4 Bd6 36. Qe4 Nb3 37. Qd3 Qe6 38. Ne2 Bxb4 39. Bd5 Nc5 40. Qc4
b5 41. axb5 axb5 42. Qxb5 Qxd5 43. Qxb4 Qd1+ 44. Kg2 Qd5+ 45. Kh2 Qf3 46. Qxc5
Qxe2 47. Qc8+ Kh7 48. Qf5+ Kg8 49. h4 g6 50. Qf6 h5 51. Kg2 Qe4+ 52. Kf1 Qd3+
53. Ke1 Qc2 54. Qd4 Kh7 55. Kf1 Kg8 56. Kg2 Qc6+ 57. f3 Qc2+ 58. Qf2 Qc6 59.
Kh3 Qe6+ 60. g4 hxg4+ 61. fxg4 f5 62. g5 f4+ 63. Kh2 Qg4 64. Qa2+ Kg7 65. Qb2+
Kg8 66. Qb3+ Kg7 67. Qc3+ Kh7 68. Qc7+ Kg8 69. Qd8+ Kg7 70. Qf6+ Kh7 71. Qf7+
Kh8 72. Qf8+ Kh7 73. Qh6+ Kg8 74. Qxg6+ Kh8 75. Qf6+ Kg8 76. Qd8+ Kg7 77. Qd4+
Kg8 78. Qf2 Kg7 79. Kh1 Kg6 80. Qc2+ Kg7 81. Qb2+ Kg6 82. Qf2 Kg7 83. Kh2 Kg6
84. Qc2+ Kg7 85. Qc3+ Kh7 86. Qh3 Qe2+ 87. Kg1 Qe1+ 88. Kg2 Qe2+ 89. Kh1 Qe1+
90. Kh2 Qf2+ 91. Kh1 Qe1+ 92. Kg2 Qe2+ 93. Kg1 Qe1+ 94. Qf1 Qg3+ 95. Qg2 Qe1+
96. Qf1 Qg3+ 97. Qg2 Qe1+ 98. Kh2 Qxh4+ 99. Qh3 Qxh3+ 100. Kxh3 Kg6 101. Kg4 f3
1/2-1/2

[Event "Liga Madrileña - DH 2016-2017"]
[Site "Madrid ESP"]
[Date "2017.02.26"]
[Round "11.22"]
[White "Cortes Jurado, Rafael"]
[Black "Taboas Rodriguez, Daniel"]
[Result "0-1"]
[WhiteElo "2119"]
[BlackElo "2383"]
[PlyCount "66"]
[EventDate "2016.11.20"]
[EventType "team-tourn"]
[EventRounds "14"]
[EventCountry "ESP"]
[SourceTitle "Ajedrez en Madrid"]
[Source "lmi"]
[SourceDate "2016.11.20"]
[WhiteTeam "Moratalaz"]
[BlackTeam "Blanco y Negro"]
[WhiteTeamCountry "ESP"]
[BlackTeamCountry "ESP"]

1. e4 e6 2. d4 d5 3. Nd2 Nc6 4. Ngf3 Nf6 5. e5 Ne4 6. Bd3 Nxd2 7. Bxd2 Nb4 8.
Be2 c5 9. c3 Nc6 10. O-O Bd7 11. dxc5 Bxc5 12. b4 Be7 13. b5 Na5 14. Qa4 Rc8
15. Qg4 g6 16. Nd4 Nc4 17. Bxc4 Rxc4 18. Qg3 Qa5 19. Rfd1 Bxb5 20. Bg5 Rxc3 21.
Qg4 Bxg5 22. Qxg5 O-O 23. Qh6 Ba4 24. Nf3 Rxf3 25. gxf3 Bxd1 26. Rxd1 Qxa2 27.
Kg2 Qe2 28. Ra1 Qxe5 29. Rxa7 b5 30. Rb7 Rb8 31. Qe3 Qd6 32. Ra7 b4 33. h4 b3
0-1

[Event "Liga Madrileña - DH 2016-2017"]
[Site "Madrid ESP"]
[Date "2017.02.26"]
[Round "11.23"]
[White "Bolado Saez, Sergio"]
[Black "Gonzalez Rivera, Eduardo"]
[Result "1-0"]
[WhiteElo "2370"]
[BlackElo "2040"]
[PlyCount "67"]
[EventDate "2016.11.20"]
[EventType "team-tourn"]
[EventRounds "14"]
[EventCountry "ESP"]
[SourceTitle "Ajedrez en Madrid"]
[Source "lmi"]
[SourceDate "2016.11.20"]
[WhiteTeam "Blanco y Negro"]
[BlackTeam "Moratalaz"]
[WhiteTeamCountry "ESP"]
[BlackTeamCountry "ESP"]

1. d4 d5 2. c4 c6 3. Nf3 dxc4 4. e3 Be6 5. Be2 Nf6 6. O-O g6 7. Ng5 Bd5 8. f3
h6 9. Nh3 Bg7 10. e4 Be6 11. Nf4 Qd7 12. Be3 g5 13. Nxe6 Qxe6 14. Qc1 b5 15. a4
Qd7 16. b3 cxb3 17. axb5 O-O 18. Na3 Nh5 19. Rd1 Nf4 20. Bf1 cxb5 21. Bxb5 Qb7
22. Bxf4 gxf4 23. Rb1 Qb6 24. Rxb3 Bxd4+ 25. Kh1 e5 26. Bc4 Qf6 27. Bd5 Nd7 28.
Bxa8 Rxa8 29. Nb5 Be3 30. Qc2 Nf8 31. Nc7 Rd8 32. Nd5 Qh4 33. g3 Qg5 34. gxf4
1-0

[Event "Liga Madrileña - DH 2016-2017"]
[Site "Madrid ESP"]
[Date "2017.02.26"]
[Round "11.24"]
[White "Garcia Gonzalez, Jesus"]
[Black "Alarcia Astiz, Carlos"]
[Result "0-1"]
[WhiteElo "2033"]
[BlackElo "2331"]
[PlyCount "68"]
[EventDate "2016.11.20"]
[EventType "team-tourn"]
[EventRounds "14"]
[EventCountry "ESP"]
[SourceTitle "Ajedrez en Madrid"]
[Source "lmi"]
[SourceDate "2016.11.20"]
[WhiteTeam "Moratalaz"]
[BlackTeam "Blanco y Negro"]
[WhiteTeamCountry "ESP"]
[BlackTeamCountry "ESP"]

1. e4 c6 2. d3 d5 3. Nd2 e5 4. Ngf3 Nd7 5. g3 Ngf6 6. Bg2 Bc5 7. O-O O-O 8. c3
Bb6 9. Qc2 Re8 10. Nb3 Qc7 11. c4 dxe4 12. dxe4 Nc5 13. Nxc5 Bxc5 14. Bd2 a5
15. Bc3 Nd7 16. b3 Ba3 17. Rfd1 f6 18. Bh3 Nc5 19. Bxc8 Qxc8 20. Nh4 g6 21. f3
Ne6 22. Qd2 Bc5+ 23. Kg2 Bd4 24. f4 Nxf4+ 25. gxf4 Qg4+ 26. Kh1 Bxc3 27. Qxc3
Qxh4 28. c5 Re7 29. Qc4+ Kg7 30. fxe5 Rxe5 31. Rd7+ Kh6 32. Rf1 Rae8 33. Qc1+
Rg5 34. Rf4 Qh3 0-1

[Event "Liga Madrileña - DH 2016-2017"]
[Site "Madrid ESP"]
[Date "2017.02.26"]
[Round "11.25"]
[White "Renteria Becerra, Jorge Elicer"]
[Black "Barranco Sanz, Luis Miguel"]
[Result "1-0"]
[WhiteElo "2226"]
[BlackElo "2011"]
[PlyCount "91"]
[EventDate "2016.11.20"]
[EventType "team-tourn"]
[EventRounds "14"]
[EventCountry "ESP"]
[SourceTitle "Ajedrez en Madrid"]
[Source "lmi"]
[SourceDate "2016.11.20"]
[WhiteTeam "Blanco y Negro"]
[BlackTeam "Moratalaz"]
[WhiteTeamCountry "ESP"]
[BlackTeamCountry "ESP"]

1. e4 c5 2. Nf3 d6 3. d4 cxd4 4. Qxd4 Nc6 5. Bb5 Bd7 6. Bxc6 bxc6 7. c4 e5 8.
Qd3 Be7 9. O-O Qc7 10. h3 Nf6 11. Nc3 h6 12. b3 O-O 13. Ba3 c5 14. Bb2 Bc6 15.
Nd2 Nh5 16. Ne2 Nf4 17. Nxf4 exf4 18. Nf3 Rad8 19. Rfe1 Qb7 20. Rad1 f5 21.
exf5 Bf6 22. Bxf6 Rxf6 23. Nh4 d5 24. cxd5 Rxd5 25. Qc4 Rfd6 26. Rxd5 Rxd5 27.
Rd1 Qf7 28. Rxd5 Qxd5 29. Qxf4 Kh7 30. f3 Be8 31. Kf2 Bf7 32. Ng6 Qd3 33. Ne5
Qc2+ 34. Kg3 Be8 35. f6 gxf6 36. Qxf6 Bh5 37. Nd7 Qd2 38. Qf5+ Kg7 39. Nxc5 Bf7
40. Qe5+ Kg6 41. Ne4 Qd7 42. Qf6+ Kh7 43. Nd6 Bg6 44. f4 Qc7 45. f5 Bh5 46. Qe5
1-0

[Event "Liga Madrileña - DH 2016-2017"]
[Site "Madrid ESP"]
[Date "2017.02.26"]
[Round "11.26"]
[White "Garcia Ruido, Ricardo"]
[Black "Shen, Yue"]
[Result "0-1"]
[WhiteElo "2000"]
[BlackElo "2223"]
[PlyCount "52"]
[EventDate "2016.11.20"]
[EventType "team-tourn"]
[EventRounds "14"]
[EventCountry "ESP"]
[SourceTitle "Ajedrez en Madrid"]
[Source "lmi"]
[SourceDate "2016.11.20"]
[WhiteTeam "Moratalaz"]
[BlackTeam "Blanco y Negro"]
[WhiteTeamCountry "ESP"]
[BlackTeamCountry "ESP"]

1. d4 d5 2. c4 c6 3. Nf3 e6 4. Nc3 dxc4 5. g3 Nf6 6. Bg2 b5 7. O-O Bb7 8. e4
Be7 9. e5 Nd5 10. Ne4 h6 11. h4 Nd7 12. Qe2 Qb6 13. a4 a6 14. Rd1 c5 15. dxc5
Nxc5 16. Nxc5 Bxc5 17. axb5 axb5 18. Rxa8+ Bxa8 19. Nd2 O-O 20. Ne4 Ne7 21.
Nf6+ gxf6 22. Bxh6 Bxg2 23. Qg4+ Ng6 24. exf6 Qc6 25. h5 Qf3 26. Qg5 Bh3 0-1